00000000cam 2200000zi 4500
0019.961333
003CaOODSP
00520260515145246
006m     o  d f      
007cr cn|||||||||
008260326e202604##oncab   ob   f000 0 fre d
020 |a9780660992297
040 |aCaOODSP|bfre|erda|cCaOODSP
043 |an-cn-nt
045 |ax4y2
0861 |aFs70-6/2026-019F-PDF
24500|aÉvaluation du stock de touladis (Salvelinus namaycush) dans le Grand lac des Esclaves (Territoires du Nord-Ouest) en 2022.
24617|aÉvaluation du stock de touladis du Grand lac des Esclaves en 2022
264 1|a[Ottawa] : |bSecrétariat canadien de consultation scientifique, |cavril 2026.
264 4|c©2026
300 |a1 ressource en ligne (15 pages) : |billustrations (certaines en couleur), carte en couleur.
336 |atexte|btxt|2rdacontent/fre
337 |ainformatique|bc|2rdamedia/fre
338 |aressource en ligne|bcr|2rdacarrier/fre
4901 |aAvis scientifique, |x1919-5117 ; |v2026/019
500 |aPublié aussi en anglais sous le titre : Stock assessment for lake trout (Salvelinus namaycush) in Great Slave Lake, NT, 2022.
500 |aTitre de départ.
504 |aComprend des références bibliographiques (page 14).
650 6|aTouladi|zTerritoires du Nord-Ouest|zEsclaves, Grand lac des.
650 6|aTouladi|xPêche commerciale|zTerritoires du Nord-Ouest|zEsclaves, Grand lac des.
650 6|aRessources halieutiques|xÉvaluation|zTerritoires du Nord-Ouest|zEsclaves, Grand lac des.
7102 |aSecrétariat canadien de consultation scientifique, |eorganisme de publication.
7101 |aCanada. |bMinistère des pêches et des océans. |bRégion de l'Arctique, |eorganisme de publication.
77508|tStock assessment for lake trout (Salvelinus namaycush) in Great Slave Lake, NT, 2022.|w(CaOODSP)9.961332
830#0|aAvis scientifique (Secrétariat canadien de consultation scientifique)|x1919-5117 ; |v2026/019.|w(CaOODSP)9.502624
85640|qPDF|s1.35 Mo|uhttps://publications.gc.ca/collections/collection_2026/mpo-dfo/fs70-6/Fs70-6-2026-019-fra.pdf